Peptides and amino acids

Uloženo v:
Podrobná bibliografie
Hlavní autor: Kopple, Kenneth D
Médium: Kniha
Jazyk:angličtina
Vydáno: New York, USA W. A. Benjamin 1966
Edice:The Organic Chemistry Monograph Series
Témata:
Tagy: Přidat tag
Žádné tagy, Buďte první, kdo vytvoří štítek k tomuto záznamu!

MARC

LEADER 00000nam a2200000 a 4500
001 UCT5201
003 CL-VaPUC
005 20220510133715.0
008 961205e19660000US |||||||||||||||||eng|d
999 |c 254196  |d 254194 
040 |c Pontificia Universidad Católica de Valparaíso 
082 0 4 |a 572.65 KOP 1966  |2 21 
100 0 |a Kopple, Kenneth D  |9 374529 
245 1 0 |a Peptides and amino acids 
260 0 3 |a New York, USA  |b W. A. Benjamin  |c 1966 
300 |a 137 páginas 
490 0 |a The Organic Chemistry Monograph Series 
583 |a last modification  |c 19961205 00:00:00  |k Rodrigo Vera 
650 0 |a Bioquímica   |9 259492 
650 0 |a Aminoácidos   |9 259616 
650 0 |a Péptidos  |9 306794 
650 7 |a PROTEINAS  |2 CL-VaPUC  |9 374530 
650 7 |a METABOLISMO DE LAS PROTEINAS  |2 CL-VaPUC  |9 361290 
650 0 |a Enzimas  |9 262984 
650 7 |a HORMONAS  |2 CL-VaPUC  |9 269554 
650 0 |a Cromatografía   |9 263967 
942 |c BK  |2 ddc 
945 |d 19961205 00:00:00  |a paguirre 
952 |0 0  |1 0  |2 ddc  |4 0  |6 572_650000000000000_KOP_1966  |7 0  |8 A  |9 275671  |a BIBCUR  |b BIBCUR  |d 2019-11-19  |i 1794515  |o 572.65 KOP 1966  |p 1794515  |r 2025-04-22  |t 1  |w 2019-11-19  |y BK  |k BIO